书目信息 |
| 题名: |
当前金融改革开放中的若干问题研究
|
|
| 作者: | ;上海市金融学会 编 | |
| 分册: | ||
| 出版信息: | 上海 学林出版社 2008.12 |
|
| 页数: | 327页 | |
| 开本: | 24cm | |
| 丛书名: | ||
| 单 册: | ||
| 中图分类: | F832.1-53 | |
| 科图分类: | ||
| 主题词: | 金融体制--jin rong ti zhi--经济体制改革--中国--文集 | |
| 电子资源: | ||
| ISBN: | 978-7-80730-734-1 | |
| 000 | 00903nam0 2200229 450 | |
| 001 | 012009438627 | |
| 005 | 20090923143658.04 | |
| 010 | @a978-7-80730-734-1@dCNY38.00 | |
| 100 | @a20090923d2008 em y0chiy0120 ea | |
| 101 | 0 | @achi |
| 102 | @aCN@b310000 | |
| 105 | @ay z 000yy | |
| 106 | @ar | |
| 200 | 1 | @a当前金融改革开放中的若干问题研究@Adang qian jin rong gai ge kai fang zhong de ruo gan wen ti yan jiu@f上海市金融学会编@Fshang hai shi jin rong xue hui bian |
| 210 | @a上海@c学林出版社@d2008.12 | |
| 215 | @a327页@d24cm | |
| 330 | @a本书内容包括:完善金融宏观调控、推进上海国际金融中心建设、商业银行创新与风险管理、融资与改革、保险业的发展与创新等方面的文章。 | |
| 606 | 0 | @a金融体制@Ajin rong ti zhi@x经济体制改革@y中国@j文集 |
| 690 | @aF832.1-53@v4 | |
| 711 | 02 | @a上海市金融学会@Ashang hai shi jin rong xue hui@4编 |
| 801 | 0 | @aCN@bQSSK@c20090923 |
| 905 | @b758512-14@dF832.1-53@eS255@f3 | |
| 当前金融改革开放中的若干问题研究/上海市金融学会编.-上海:学林出版社,2008.12 |
| 327页;24cm |
| ISBN 978-7-80730-734-1:CNY38.00 |
| 本书内容包括:完善金融宏观调控、推进上海国际金融中心建设、商业银行创新与风险管理、融资与改革、保险业的发展与创新等方面的文章。 |
| ● |
| 相关链接 |
|
|
|
正题名:当前金融改革开放中的若干问题研究
索取号:F832.1-53/S255
 
预约/预借
| 序号 | 登录号 | 条形码 | 馆藏地/架位号 | 状态 | 备注 |
| 1 | 758512 | 207585120 | 社科库409/409社科库 54排2列2层/ [索取号:F832.1-53/S255] | 在馆 | |
| 2 | 758513 | 207585139 | 社科库409/409社科库 54排2列2层/ [索取号:F832.1-53/S255] | 在馆 | |
| 3 | 758514 | 207585148 | 社科二线422/422社科库 26排1列1层/ [索取号:F832.1-53/S255] | 在馆 |